000 00738nam a2200193 4500
999 _c370952
_d370952
008 201207b ||||| |||| 00| 0 eng d
040 _bger
_cDE-2950
_erda
_aDE-2950
041 _ager
100 _aLeGall, Yann:
245 _aErinnerungen in Abwesenheit: die Orangerie in Potsdam und ihre Verstrickungen in den deutschen Kolonialismus in China/
_cYann LeGall, Anna von Rath
264 _c2021
490 _aDie Mark Brandenburg
_vHeft 122: China In Brandenburg
653 _aOrangerieschloss Potsdam
773 _dBerlin: Die Mark Brandenburg - Verlag für Regional- und Zeitgeschichte
_g(2021) Heft 122, S. 40-45: Abb.
_tDie Mark Brandenburg
942 _cA